The collected works of Bu-ston. (Record no. 69821)

MARC details
000 -LEADER
fixed length control field 00885cam a22002771 4500
001 - CONTROL NUMBER
control field sa 66005123
003 - CONTROL NUMBER IDENTIFIER
control field DLC
005 - DATE AND TIME OF LATEST TRANSACTION
control field 20260227112247.0
008 - FIXED-LENGTH DATA ELEMENTS--GENERAL INFORMATION
fixed length control field 780809m19659999ii b 000 0 tib
010 ## - LIBRARY OF CONGRESS CONTROL NUMBER
LC control number sa 66005123
035 ## - SYSTEM CONTROL NUMBER
System control number (OCoLC)4122572
040 ## - CATALOGING SOURCE
Original cataloging agency DLC
Transcribing agency PU
Modifying agency DLC
041 0# - LANGUAGE CODE
Language code of text/sound track or separate title tib
Language code of summary or abstract eng
042 ## - AUTHENTICATION CODE
Authentication code premarc
050 00 - LIBRARY OF CONGRESS CALL NUMBER
Classification number BQ124
Item number .B87 1965
100 0# - MAIN ENTRY--PERSONAL NAME
Personal name Bu-ston Rin-chen-grub,
Dates associated with a name 1290-1364.
245 04 - TITLE STATEMENT
Title The collected works of Bu-ston.
Statement of responsibility, etc. Edited by Lokesh Chandra from the collections of Raghu Vira.
260 ## - PUBLICATION, DISTRIBUTION, ETC.
Place of publication, distribution, etc. New Delhi,
Name of publisher, distributor, etc. International Academy of Indian Culture,
Date of publication, distribution, etc. 1965-
300 ## - PHYSICAL DESCRIPTION
Extent v.
Dimensions 29 x 45 cm.
490 1# - SERIES STATEMENT
Series statement Śata-piṭaka series. Indo Asian literatures, v. 41-
500 ## - GENERAL NOTE
General note In Tibetan; pref. in English.
504 ## - BIBLIOGRAPHY, ETC. NOTE
Bibliography, etc. note Bibliographical footnotes.
700 0# - ADDED ENTRY--PERSONAL NAME
Personal name Raghu Vira.
700 0# - ADDED ENTRY--PERSONAL NAME
Personal name Lokesh Chandra,
Relator term ed.
830 #0 - SERIES ADDED ENTRY--UNIFORM TITLE
Uniform title Śatapiṭka ;
Volume/sequential designation v. 41-

No items available.

Powered by Koha